| 000 | 00751nam a22002297a 4500 | ||
|---|---|---|---|
| 999 |
_c21348 _d21348 |
||
| 003 | AR-CdUCM | ||
| 008 | 190327b ||||| |||| 00| 0 spa d | ||
| 020 | _a9788593092206 | ||
| 040 |
_aMUNICIPALIDAD PROVINCIAL DEL CUSCO _cBIBLIOTECA MUNICIPAL DEL CUSCO |
||
| 041 | _hpor | ||
| 082 |
_a868.9/L96 _bL96 |
||
| 100 |
_aLummertz, Frank Cardoso _944515 |
||
| 245 |
_aPirambeira : _blendas assombracoes e outras historias contadas na calada da noite / |
||
| 260 |
_a Brasil ; _bVitelli, _c2019. |
||
| 300 |
_a63 Páginas. : _bilustraciones ; _c20 cm. |
||
| 500 | _aTexto en idioma Portugués. | ||
| 505 | _aContos (cuentos) | ||
| 650 |
_aLiteratura brasileña _92733 |
||
| 650 |
_aCuentos brasileños _913830 |
||
| 942 |
_2ddc _cLIBROS |
||
| 945 | _aRoel | ||